LEADER 01262nlm 2200313z- 450 001 996458053003316 005 20220223105937.0 010 $a978-3-7489-1106-7 100 $a20211110c2005---- -u- - 101 0 $ager 102 $aDE 135 $adrcnu 200 1 $aRecht als Handlungsressource kommunaler Industrieansiedlungspolitik$fLeonie Breunung, Hubert Treiber 210 1 $cNomos$d2005 215 $aTesto elettronico (PDF) (601 p.) 225 2 $aFundamenta Juridica$v51 230 $aBase dati testuale 330 $aIl presente studio si basa sul caso storico di una più grande azienda industriale che ha ampliato in modo significativo il proprio spazio industriale vicino al centro città nel parco edilizio circostante e, dopo aver esaurito le possibilità di espansione spaziale, ha trasferito l'intera fabbrica in una comunità vicina. 401 1$aTREIBER,$bHubert 410 0$aFundamenta Juridica$v51 606 0 $aGermania$xPolitica industriale$2BNCF 676 $a338.006045 700 1$aBREUNUNG,$bLeonie$01081723 701 1$aTREIBER,$bHubert$0251680 912 $a996458053003316 959 $aEB 969 $aER 996 $aRecht als Handlungsressource kommunaler Industrieansiedlungspolitik$92596030 997 $aUNISA LEADER 02613oas 2200853 a 450 001 9910698797103321 005 20250602213025.0 035 $a(OCoLC)760068863 035 $a(CONSER) 2012230226 035 $a(CKB)2550000001047745 035 $a(EXLCZ)992550000001047745 100 $a20111109b199u2006 ua a 101 0 $aspa 135 $aurun||||a|a|| 181 $ctxt$2rdacontent 182 $cc$2rdamedia 183 $acr$2rdacarrier 200 10$aCo?mo pagar su educacio?n 210 $a[Washington, D.C.?] $cDepto. de Educacio?n de los EE. UU., Programas de Ayuda Econo?mica Estudiantil 215 $a1 online resource 300 $aERIC version classed as: Supt. of Docs. class no.: ED 1.310/2. 300 $a"Www.fafsa.ed.gov." 300 $aAt head of title of 2005/2006 issue: Alumnos de secundaria. 311 08$a2328-2428 517 1 $aCo?mo pagar tu educacio?n 517 1 $aCo?mo costear tu educacio?n 606 $aStudent aid$zUnited States$vPeriodicals 606 $aScholarships$zUnited States$vPeriodicals 606 $aStudent loans$zUnited States$vPeriodicals 606 $aE?tudiants$xAide financie?re$zE?tats-Unis$vPe?riodiques 606 $aPre?ts d'e?tudes$zE?tats-Unis$vPe?riodiques 606 $aScholarships$2fast$3(OCoLC)fst01432095 606 $aStudent aid$2fast$3(OCoLC)fst01432104 606 $aStudent loans$2fast$3(OCoLC)fst01431545 607 $aUnited States$2fast$1https://id.oclc.org/worldcat/entity/E39PBJtxgQXMWqmjMjjwXRHgrq 608 $aPeriodical. 608 $aperiodicals.$2aat 608 $aPeriodicals.$2fast 608 $aPeriodicals.$2lcgft 608 $aPe?riodiques.$2rvmgf 615 0$aStudent aid 615 0$aScholarships 615 0$aStudent loans 615 6$aE?tudiants$xAide financie?re 615 6$aPre?ts d'e?tudes 615 7$aScholarships. 615 7$aStudent aid. 615 7$aStudent loans. 676 $a371.224 712 02$aUnited States.$bDepartment of Education.$bStudent Financial Assistance Programs. 801 0$bOCLCE 801 1$bOCLCE 801 2$bGPO 801 2$bOCLCQ 801 2$bDLC 801 2$bGPO 801 2$bOCLCA 801 2$bDLC 801 2$bOCLCQ 801 2$bOCLCA 801 2$bOCLCF 801 2$bOCLCO 801 2$bOCLCQ 801 2$bOCLCA 801 2$bOCLCQ 801 2$bCOM 801 2$bOCLCO 801 2$bOCLCL 801 2$bDOS 801 2$bOCLCL 906 $aJOURNAL 912 $a9910698797103321 996 $aCómo pagar su educación$92261089 997 $aUNINA